Politické strany, jejich základy a typy v dnešním světě /

Hlavní autor: Mertl, Jan, 1904-1978
Jazyk: Čeština
Vydáno: Praha : Orbis, 1931
Edice: Sociologická knihovna. Větší řada
Témata:
Fyzický popis: 268 s.
Language note: Francouzské resumé
Knihy
Uloženo v:
LEADER 01088nam a22003252a 4500
001 000404427
003 CZ BrMZK
005 20220225153618.0
007 ta
008 030412s1931 xr f |||| 0 cze d
015 |a cnb000548710 
035 |a (OCoLC)38777046 
040 |a ABD103  |b cze  |c ABC013  |d ABD103  |d ABD067  |d BOA001 
041 1 |a cze  |b fre 
080 |a 321 
100 1 |a Mertl, Jan,  |d 1904-1978  |7 jk01081312  |4 aut 
245 1 0 |a Politické strany, jejich základy a typy v dnešním světě /  |c Jan Mertl 
260 |a Praha :  |b Orbis,  |c 1931 
300 |a 268 s. 
490 1 |a Sociologická knihovna. Větší řada ;  |v sv. 4 
500 |a Před titul. listem ediční lit 
504 |a Obsahuje bibliografické odkazy 
546 |a Francouzské resumé 
650 0 7 |a politologie  |7 ph115796  |2 czenas 
655 7 |a monografie  |7 fd132842  |2 czenas 
830 0 |a Sociologická knihovna.  |p Větší řada  |0 s 
910 |a BOA001  |b 2-0087.473,v.ř.4 
990 |a BK 
991 |b 202202 
996 7 |b 2619770012  |c 2-0087.473,v.ř.4  |l MZK  |r Sklad / do 24 hodin  |n 15  |w 000404427  |u 000010  |a 1  |e BOA001  |j MZK50  |s A